000
00415nam a22001337a 4500
020
_a
9789380836263
082
_a
070.4
100
_a
Rajiv Saxena
245
_a
Journalism the evolving perspective
260
_a
New Delhi
_b
Centrum press
_c
2010.
300
_a
293p
942
_c
BK
999
_c
2984
_d
2984